El libro de las Matemáticas: de Pitágoras a la 57º dimensión, 250 hitos de la historia de las Matemáticas

Saved in:
Bibliografiske detaljer
Hovedforfatter: Pickover, Clifford A (Author)
Format: Bog
Sprog:spansk
Udgivet: Nueva York Sterling Publishing Co., Inc. 2009
Fag:
Tags: Tilføj Tag
Ingen Tags, Vær først til at tagge denne postø!

MARC

LEADER 00000cam a2200000 a 4500
001 UCF9447
003 CL-VaPUC
008 131125e20090000us |||||||||||||||||spa|d
020 |a 9789089980977 
082 0 4 |a 510  |b PIC  |2 21 
100 0 |a Pickover, Clifford A  |e author  |9 571752 
245 1 3 |a El libro de las Matemáticas: de Pitágoras a la 57º dimensión, 250 hitos de la historia de las Matemáticas 
300 |a 527 p 
942 |c BK 
945 |d 20131125 03:22:00  |a dcastane 
260 |a Nueva York  |b Sterling Publishing Co., Inc.  |c 2009 
650 0 |a Matemática  |9 260235 
650 7 |a JUEGOS MATEMATICOS  |2 CL-VaPUC  |9 571753 
650 0 |a Historia de las matemáticas   |9 265664 
583 |a last modification  |c 20131125 03:22:00  |k Rodrigo Vera 
999 |c 353890  |d 353888